000 00838nas a2200265 4500
001 BR8903406
003 BR-BrBNA
005 20231205091627.0
007 ta
008 230509b bl.|||p| |||| 00| 00por d
040 _aBR-BrBNA
_bpor
_cBiblioteca Nacional de Agricultura
041 _a(Pt)
072 _aH10
100 1 _aCampanhola, C.
100 1 _aMartin, D.F.
100 1 _aSchattan, S.
245 1 _aAlgumas consequencias da presenca do bicuco-do-algodoeiro na regiao infestada de Campinas e Sorocaba, estado de Sao Paulo, na safra 83/84
650 _aALGODAO
650 _aBICUDO
650 _aINFESTACAO
650 _aSAO PAULO
773 0 _tPesquisa Agropecuaria Brasileira (Brazil)
_xISSN 0100-204X
_g(Aug 1988), v. 23(8) p. 811-823
_wBR8903406
909 _a202311
_bLúcia
_c55
_dLúcia Elande
942 _2AGRIS
_n0
_cANA
999 _c126270
_d126270